[Event "3rd HSK Youth Summer 2018"]
[Site "Hamburg"]
[Date "2018.07.27"]
[Round "4"]
[White "Meyling, Lennart"]
[Black "Ehrlich, Roy"]
[Result "1/2-1/2"]
[WhiteElo "2050"]
[BlackElo "1893"]
[Annotator "NA"]
[PlyCount "30"]
[EventDate "2018.07.26"]
[EventType "swiss"]
[EventCountry "GER"]
[SourceTitle "playchess.com"]
[Source "ChessBase"]
[SourceQuality "1"]
[TimeControl "40/5400+30:900+30"]

1. d4 {[%emt 0:00:00]} e6 {[%emt 0:00:04]} 2. e4 {[%emt 0:00:00]} d5 {[%emt 0:00:03]} 3. e5 {[%emt 0:00:00]} c5 {[%emt 0:00:04]} 4. c3 {[%emt 0:00:02]} Nc6 {[%emt 0:00:03]} 5. Ne2 {[%emt 0:00:06]} Nge7 {[%emt 0:02:11]} 6. g3 {[%emt 0:00:49]} Nf5 {[%emt 0:01:26]} 7. Bh3 {[%emt 0:00:35]} g6 {[%emt 0:08:15]} 8. f4 {[%emt 0:00:57]} c4 {[%emt 0:03:10]} 9. O-O {[%emt 0:01:41]} Bd7 {[%emt 0:05:00]} 10. b3 {[%emt 0:02:47]} b5 {[%emt 0:05:27]} 11. Bxf5 {[%emt 0:04:26]} gxf5 12. Ba3 {[%emt 0:01:13]} Qb6 {[%emt 0:07:00]} 13. Bxf8 {[%emt 0:01:42]} Kxf8 {[%emt 0:00:29]} 14. Na3 {[%emt 0:00:26]} Rb8 {[%emt 0:09:47]} 15. b4 {[%emt 0:07:00]} Ke8 1/2-1/2

[Event "3rd HSK Youth Summer 2018"]
[Site "Hamburg"]
[Date "2018.07.27"]
[Round "4"]
[White "Grabbel, Lennart Christian"]
[Black "Rozin, Yoav"]
[Result "1-0"]
[WhiteElo "1832"]
[BlackElo "1722"]
[Annotator "NA"]
[PlyCount "119"]
[EventDate "2018.07.26"]
[EventType "swiss"]
[EventCountry "GER"]
[SourceTitle "playchess.com"]
[Source "ChessBase"]
[SourceQuality "1"]
[TimeControl "40/5400+30:900+30"]

1. d4 {[%emt 0:00:00]} f5 {[%emt 0:00:04]} 2. c4 {[%emt 0:00:00]} Nf6 {[%emt 0:00:04]} 3. Nc3 {[%emt 0:00:00]} g6 {[%emt 0:00:03]} 4. g3 {[%emt 0:00:00]} Bg7 {[%emt 0:00:05]} 5. Bg2 {[%emt 0:00:02]} d6 {[%emt 0:00:19]} 6. Nf3 {[%emt 0:04:46]} Nbd7 {[%emt 0:02:42]} 7. d5 {[%emt 0:02:06]} Ne5 {[%emt 0:02:36]} 8. Nxe5 {[%emt 0:01:20]} dxe5 {[%emt 0:00:02]} 9. e4 {[%emt 0:00:07]} e6 {[%emt 0:04:48]} 10. O-O {[%emt 0:03:58]} Qe7 {[%emt 0:02:52]} 11. Re1 {[%emt 0:05:43]} O-O {[%emt 0:03:27]} 12. Qe2 {[%emt 0:13:59]} f4 {[%emt 0:15:20]} 13. gxf4 {[%emt 0:15:21]} Nh5 {[%emt 0:01:13]} 14. dxe6 {[%emt 0:05:05]} Bxe6 {[%emt 0:06:04]} 15. f5 {[%emt 0:00:06]} Bf7 {[%emt 0:00:42]} 16. Bf3 {[%emt 0:02:44]} Nf4 {[%emt 0:02:13]} 17. Bxf4 {[%emt 0:00:33]} exf4 {[%emt 0:00:02]} 18. fxg6 {[%emt 0:00:43]} Bxg6 {[%emt 0:00:49]} 19. Nd5 {[%emt 0:02:14]} Qg5+ {[%emt 0:02:11]} 20. Kh1 {[%emt 0:00:10]} Be5 {[%emt 0:00:38]} 21. Rg1 {[%emt 0:04:22]} Qh6 {[%emt 0:03:19]} 22. Rg2 {[%emt 0:02:51]} Rf7 {[%emt 0:01:22]} 23. Rag1 {[%emt 0:02:23]} Kh8 {[%emt 0:00:47]} 24. Bg4 {[%emt 0:04:04]} c6 {[%emt 0:06:26]} 25. Nb4 {[%emt 0:01:09]} Qf8 {[%emt 0:02:35]} 26. Nd3 {[%emt 0:00:26]} Bd4 {[%emt 0:00:08]} 27. Bf3 {[%emt 0:01:02]} Re8 {[%emt 0:03:29]} 28. Rg4 {[%emt 0:03:56]} Qh6 {[%emt 0:02:22]} 29. Qd2 {[%emt 0:01:47]} Qh3 {[%emt 0:16:42]} 30. Rxf4 {[%emt 0:02:08]} Rxf4 {[%emt 0:03:43]} 31. Qxf4 {[%emt 0:00:06]} Bg7 {[%emt 0:03:26]} 32. Qg4 {[%emt 0:06:50]} Qxf3+ {[%emt 0:00:44]} 33. Qxf3 {[%emt 0:00:16]} Bxe4 {[%emt 0:00:01]} 34. Kg2 {[%emt 0:00:43]} Kg8 {[%emt 0:00:57]} 35. b3 {[%emt 0:00:56]} Bxf3+ {[%emt 0:00:25]} 36. Kxf3 {[%emt 0:00:09]} Kf7 {[%emt 0:00:01]} 37. Rd1 {[%emt 0:03:15]} Kf6 {[%emt 0:02:04]} 38. Nf4 {[%emt 0:01:14]} Kf7 {[%emt 0:01:30]} 39. Rd7+ {[%emt 0:00:43]} Re7 {[%emt 0:00:00]} 40. Rxe7+ {[%emt 0:00:08]} Kxe7 {[%emt 0:15:02]} 41. Ke4 {[%emt 0:15:56]} Kd6 {[%emt 0:00:48]} 42. Nd3 {[%emt 0:00:15]} a6 {[%emt 0:00:38]} 43. f4 {[%emt 0:00:18]} c5 {[%emt 0:00:57]} 44. f5 {[%emt 0:00:19]} b5 {[%emt 0:00:46]} 45. Kf4 {[%emt 0:01:26]} Bd4 {[%emt 0:01:40]} 46. Kg5 {[%emt 0:00:39]} Ke7 {[%emt 0:00:02]} 47. Nf4 {[%emt 0:06:05]} Be5 {[%emt 0:01:05]} 48. Nd5+ {[%emt 0:00:30]} Kf7 {[%emt 0:00:41]} 49. h3 {[%emt 0:01:00]} Bg7 {[%emt 0:00:16]} 50. f6 {[%emt 0:03:02]} Bf8 {[%emt 0:00:02]} 51. Kf5 {[%emt 0:00:12]} Bd6 {[%emt 0:00:41]} 52. Ne3 {[%emt 0:00:59]} h5 {[%emt 0:02:58]} 53. Nf1 {[%emt 0:01:25]} Bb8 {[%emt 0:03:25]} 54. Nd2 {[%emt 0:00:13]} bxc4 {[%emt 0:01:00]} 55. bxc4 {[%emt 0:00:07]} Bd6 {[%emt 0:00:44]} 56. Ne4 {[%emt 0:00:06]} Bf8 {[%emt 0:00:01]} 57. Ng5+ {[%emt 0:00:08]} Ke8 {[%emt 0:00:48]} 58. Ke6 {[%emt 0:00:08]} a5 {[%emt 0:01:05]} 59. f7+ {[%emt 0:00:10]} Kd8 {[%emt 0:00:05]} 60. Nh7 {[%emt 0:00:04]} 1-0

[Event "3rd HSK Youth Summer 2018"]
[Site "Hamburg"]
[Date "2018.07.27"]
[Round "4"]
[White "Grabbel, Torben Frederik"]
[Black "Sulayev, Daniel"]
[Result "0-1"]
[WhiteElo "1423"]
[BlackElo "2049"]
[Annotator "NA"]
[PlyCount "76"]
[EventDate "2018.07.26"]
[EventType "swiss"]
[EventCountry "GER"]
[SourceTitle "playchess.com"]
[Source "ChessBase"]
[SourceQuality "1"]
[TimeControl "40/5400+30:900+30"]

1. d4 {[%emt 0:00:00]} Nf6 {[%emt 0:04:16]} 2. Nf3 {[%emt 0:00:00]} c5 {[%emt 0:02:28]} 3. c3 {[%emt 0:00:00]} b6 {[%emt 0:01:07]} 4. Bf4 {[%emt 0:00:22]} g6 {[%emt 0:00:26]} 5. e3 {[%emt 0:00:18]} Bg7 {[%emt 0:00:03]} 6. Nbd2 {[%emt 0:00:23]} O-O {[%emt 0:00:09]} 7. Bd3 {[%emt 0:00:27]} d6 {[%emt 0:00:12]} 8. O-O {[%emt 0:00:25]} Nbd7 {[%emt 0:00:23]} 9. Bc2 {[%emt 0:00:16]} Bb7 {[%emt 0:00:30]} 10. Re1 {[%emt 0:02:08]} Re8 {[%emt 0:06:29]} 11. dxc5 {[%emt 0:02:35]} Nxc5 {[%emt 0:01:21]} 12. h3 {[%emt 0:02:30]} Nfe4 {[%emt 0:05:34]} 13. Nxe4 {[%emt 0:03:18]} Nxe4 {[%emt 0:00:26]} 14. Nd2 {[%emt 0:02:45]} Nc5 {[%emt 0:00:55]} 15. e4 {[%emt 0:02:36]} Rc8 {[%emt 0:02:41]} 16. Nb3 {[%emt 0:02:56]} e5 $11 {[%emt 0:12:02]} 17. Nxc5 {[%emt 0:02:03]} bxc5 {[%emt 0:02:17]} 18. Bg3 {[%emt 0:01:08]} Qb6 {[%emt 0:01:24]} 19. Ba4 {[%emt 0:02:49]} Rf8 {[%emt 0:00:33]} 20. Qb3 {[%emt 0:00:27]} Qc7 {[%emt 0:04:10]} 21. c4 {[%emt 0:01:48]} f5 {[%emt 0:00:42]} 22. exf5 {[%emt 0:01:10]} gxf5 {[%emt 0:00:24]} 23. Rad1 {[%emt 0:02:16]} f4 {[%emt 0:00:52]} 24. Bh2 {[%emt 0:03:53]} e4 {[%emt 0:02:41]} 25. Kh1 {[%emt 0:01:40]} Bd4 {[%emt 0:00:44]} 26. Qc2 {[%emt 0:03:25]} Qe7 {[%emt 0:03:11]} 27. Bg1 {[%emt 0:01:14]} Qe5 {[%emt 0:04:34]} 28. b3 {[%emt 0:01:57]} Rc7 {[%emt 0:00:53]} 29. Qe2 {[%emt 0:02:08]} Rg7 {[%emt 0:01:45]} 30. Bh2 {[%emt 0:01:27]} Qf5 {[%emt 0:00:55]} 31. Qf1 {[%emt 0:02:33]} Qh5 {[%emt 0:01:40]} 32. b4 {[%emt 0:03:10]} Bc3 {[%emt 0:01:41]} 33. bxc5 {[%emt 0:03:32]} dxc5 {[%emt 0:00:55]} 34. Qe2 {[%emt 0:02:30]} f3 {[%emt 0:00:58]} 35. gxf3 {[%emt 0:00:15]} Bxe1 {[%emt 0:00:16]} 36. Rxe1 {[%emt 0:00:20]} e3 {[%emt 0:00:50]} 37. Bd1 {[%emt 0:01:25]} Bxf3+ {[%emt 0:00:39]} 38. Qxf3 {[%emt 0:00:08]} Rxf3 {[%emt 0:00:04]} 0-1

[Event "3rd HSK Youth Summer 2018"]
[Site "Hamburg"]
[Date "2018.07.27"]
[Round "5"]
[White "Sulayev, Daniel"]
[Black "Ehrlich, Roy"]
[Result "1/2-1/2"]
[WhiteElo "2049"]
[BlackElo "1893"]
[Annotator "NA"]
[PlyCount "21"]
[EventDate "2018.07.26"]
[EventType "swiss"]
[EventCountry "GER"]
[SourceTitle "playchess.com"]
[Source "ChessBase"]
[SourceQuality "1"]
[TimeControl "40/5400+30:900+30"]

1. c4 {[%emt 0:00:00]} g6 {[%emt 0:00:03]} 2. g3 {[%emt 0:00:00]} Bg7 {[%emt 0:00:04]} 3. Bg2 {[%emt 0:00:00]} c5 {[%emt 0:01:13]} 4. Nc3 {[%emt 0:00:05]} Nc6 {[%emt 0:00:05]} 5. e4 {[%emt 0:00:21]} e6 {[%emt 0:00:33]} 6. Nge2 {[%emt 0:00:17]} Nge7 {[%emt 0:00:12]} 7. O-O {[%emt 0:00:09]} O-O {[%emt 0:00:05]} 8. d3 {[%emt 0:00:06]} a6 {[%emt 0:02:00]} 9. Be3 {[%emt 0:01:09]} d6 {[%emt 0:00:20]} 10. d4 {[%emt 0:01:04]} cxd4 {[%emt 0:01:21]} 11. Nxd4 1/2-1/2

[Event "3rd HSK Youth Summer 2018"]
[Site "Hamburg"]
[Date "2018.07.27"]
[Round "5"]
[White "Stelmaszyk, Nico"]
[Black "Kotyk, Michael"]
[Result "1-0"]
[WhiteElo "1975"]
[BlackElo "1950"]
[Annotator "NA"]
[PlyCount "49"]
[EventDate "2018.07.26"]
[EventType "swiss"]
[EventCountry "GER"]
[SourceTitle "playchess.com"]
[Source "ChessBase"]
[SourceQuality "1"]
[TimeControl "40/5400+30:900+30"]

1. e4 {[%emt 0:00:00]} e5 {[%emt 0:00:04]} 2. Bc4 {[%emt 0:00:00]} Nf6 {[%emt 0:00:25]} 3. d4 {[%emt 0:00:00]} exd4 {[%emt 0:00:38]} 4. Nf3 {[%emt 0:00:00]} Nc6 {[%emt 0:00:41]} 5. O-O {[%emt 0:00:00]} Nxe4 {[%emt 0:00:21]} 6. Re1 {[%emt 0:00:00]} d5 {[%emt 0:00:06]} 7. Bxd5 {[%emt 0:00:03]} Qxd5 {[%emt 0:00:07]} 8. Nc3 {[%emt 0:00:05]} Qh5 {[%emt 0:00:23]} 9. Nxe4 {[%emt 0:00:10]} Be6 {[%emt 0:00:05]} 10. Bg5 {[%emt 0:00:07]} Bd6 {[%emt 0:00:05]} 11. Nxd6+ {[%emt 0:00:07]} cxd6 {[%emt 0:00:07]} 12. Bf4 {[%emt 0:00:09]} Qd5 {[%emt 0:00:12]} 13. c4 {[%emt 0:01:19]} Qxc4 {[%emt 0:02:28]} 14. Bxd6 {[%emt 0:00:32]} Rd8 {[%emt 0:04:37]} 15. Ba3 {[%emt 0:00:19]} b5 {[%emt 0:03:56]} 16. Rc1 {[%emt 0:03:21]} Qd5 {[%emt 0:01:14]} 17. Rc5 {[%emt 0:02:11]} Qd7 {[%emt 0:00:06]} 18. Rxb5 {[%emt 0:03:15]} f6 {[%emt 0:00:16]} 19. Qe2 {[%emt 0:02:50]} Kf7 {[%emt 0:04:18]} 20. Rb7 {[%emt 0:02:27]} Qxb7 {[%emt 0:00:02]} 21. Qxe6+ {[%emt 0:00:11]} Kg6 {[%emt 0:00:01]} 22. Qg4+ {[%emt 0:05:00]} Kf7 {[%emt 0:00:33]} 23. Ng5+ {[%emt 0:00:29]} Kg6 {[%emt 0:00:26]} 24. Ne6+ {[%emt 0:04:09]} Kf7 {[%emt 0:00:47]} 25. Qxg7+ {[%emt 0:00:10]} 1-0

[Event "3rd HSK Youth Summer 2018"]
[Site "Hamburg"]
[Date "2018.07.27"]
[Round "5"]
[White "Shocron, Alon"]
[Black "Meyling, Lennart"]
[Result "1-0"]
[WhiteElo "1817"]
[BlackElo "2050"]
[Annotator "NA"]
[PlyCount "105"]
[EventDate "2018.07.26"]
[EventType "swiss"]
[EventCountry "GER"]
[SourceTitle "playchess.com"]
[Source "ChessBase"]
[SourceQuality "1"]
[TimeControl "40/5400+30:900+30"]

1. Nf3 g6 2. c4 Bg7 3. Nc3 d6 4. g3 b6 5. Bg2 Bb7 6. O-O e6 7. d4 Ne7 8. e4 O-O 9. d5 e5 10. Bg5 h6 11. Bxe7 Qxe7 12. b4 f5 13. Nh4 Qg5 14. Rc1 a5 15. Nb5 Rf7 16. c5 bxc5 17. bxc5 Ba6 18. cxd6 Bxb5 19. dxc7 Nc6 20. d6 Bxf1 21. Rxc6 Bxg2 22. d7 Rxd7 23. Qxd7 Bxe4 24. c8=Q+ Rxc8 25. Rxc8+ Kh7 26. Qf7 h5 27. Rc7 Qh6 28. f4 g5 29. Nxf5 Qb6+ 30. Kf1 Bd3+ 31. Ke1 Qb4+ 32. Kd1 Qa4+ 33. Kd2 Qb4+ 34. Kxd3 e4+ 35. Ke2 Qb2+ 36. Ke3 Qb6+ 37. Kxe4 Qb4+ 38. Qc4 Qb1+ 39. Qc2 Qh1+ 40. Ke3 Qe1+ 41. Qe2 Qg1+ 42. Qf2 Qb1 43. Rxg7+ Kh8 44. fxg5 Qc1+ 45. Ke4 Qb1+ 46. Ke5 Qb5+ 47. Ke6 Qc4+ 48. Kf6 Qc6+ 49. Kf7 Qd5+ 50. Kg6 Qe6+ 51. Kxh5 a4 52. Rh7+ Kxh7 53. Qa7+ 1-0

[Event "3rd HSK Youth Summer 2018"]
[Site "Hamburg"]
[Date "2018.07.27"]
[Round "5"]
[White "Meiwes, Thore"]
[Black "Holinka, Henning"]
[Result "1-0"]
[WhiteElo "1794"]
[BlackElo "2146"]
[Annotator "NA"]
[PlyCount "59"]
[EventDate "2018.07.26"]
[EventType "swiss"]
[EventCountry "GER"]
[SourceTitle "playchess.com"]
[Source "ChessBase"]
[SourceQuality "1"]
[TimeControl "40/5400+30:900+30"]

1. d4 {[%emt 0:00:00]} g6 {[%emt 0:00:16]} 2. e4 {[%emt 0:00:00]} Bg7 {[%emt 0:00:05]} 3. Nc3 {[%emt 0:00:00]} d6 {[%emt 0:00:06]} 4. Be3 {[%emt 0:00:00]} a6 {[%emt 0:00:28]} 5. Qd2 {[%emt 0:00:00]} b5 {[%emt 0:00:13]} 6. f3 {[%emt 0:00:08]} Nf6 {[%emt 0:09:58]} 7. Bh6 {[%emt 0:01:30]} O-O {[%emt 0:01:25]} 8. O-O-O {[%emt 0:00:15]} Nbd7 {[%emt 0:02:13]} 9. h4 {[%emt 0:05:27]} Nb6 {[%emt 0:03:12]} 10. h5 {[%emt 0:01:49]} e6 {[%emt 0:05:42]} 11. hxg6 {[%emt 0:00:51]} fxg6 {[%emt 0:11:47]} 12. Bxg7 {[%emt 0:00:37]} Kxg7 {[%emt 0:00:38]} 13. Qh6+ {[%emt 0:00:16]} Kg8 {[%emt 0:00:53]} 14. e5 {[%emt 0:00:48]} Nh5 {[%emt 0:00:43]} 15. g4 {[%emt 0:01:17]} Ng7 {[%emt 0:01:16]} 16. Qxh7+ {[%emt 0:01:29]} Kf7 {[%emt 0:00:05]} 17. f4 {[%emt 0:07:08]} Qe7 {[%emt 0:16:30]} 18. Bd3 {[%emt 0:09:05]} Ke8 {[%emt 0:00:19]} 19. Qxg6+ {[%emt 0:01:17]} Kd8 {[%emt 0:02:57]} 20. Rh7 {[%emt 0:02:19]} Rf7 {[%emt 0:02:32]} 21. Nh3 {[%emt 0:02:02]} Qf8 {[%emt 0:01:29]} 22. Ng5 {[%emt 0:01:09]} Re7 {[%emt 0:00:31]} 23. Rf1 {[%emt 0:06:38]} b4 {[%emt 0:06:28]} 24. Nce4 {[%emt 0:03:42]} Nd5 {[%emt 0:01:03]} 25. Nf6 {[%emt 0:00:52]} Ra7 {[%emt 0:01:16]} 26. Nxd5 {[%emt 0:01:03]} exd5 {[%emt 0:00:06]} 27. f5 {[%emt 0:01:02]} c5 {[%emt 0:01:24]} 28. f6 {[%emt 0:00:23]} Rf7 {[%emt 0:00:10]} 29. Nxf7+ {[%emt 0:00:18]} Rxf7 {[%emt 0:00:06]} 30. Rxg7 {[%emt 0:00:15]} 1-0

[Event "3rd HSK Youth Summer 2018"]
[Site "Hamburg"]
[Date "2018.07.27"]
[Round "5"]
[White "Richter, Jordi"]
[Black "Caspi, Nimi"]
[Result "0-1"]
[WhiteElo "1562"]
[BlackElo "2014"]
[Annotator "NA"]
[PlyCount "46"]
[EventDate "2018.07.26"]
[EventType "swiss"]
[EventCountry "GER"]
[SourceTitle "playchess.com"]
[Source "ChessBase"]
[SourceQuality "1"]
[TimeControl "40/5400+30:900+30"]

1. d4 {[%emt 0:00:00]} Nf6 {[%emt 0:00:04]} 2. Nf3 {[%emt 0:00:00]} c5 {[%emt 0:00:06]} 3. d5 {[%emt 0:01:07]} g6 {[%emt 0:00:43]} 4. c4 {[%emt 0:00:57]} b5 {[%emt 0:00:10]} 5. cxb5 {[%emt 0:01:04]} a6 {[%emt 0:00:07]} 6. Nc3 {[%emt 0:01:01]} axb5 {[%emt 0:00:30]} 7. Nxb5 {[%emt 0:00:45]} Ba6 {[%emt 0:00:53]} 8. Nc3 {[%emt 0:00:15]} Bg7 {[%emt 0:00:21]} 9. e3 {[%emt 0:01:08]} Bxf1 {[%emt 0:01:29]} 10. Kxf1 O-O {[%emt 0:00:15]} 11. g3 {[%emt 0:02:08]} Na6 {[%emt 0:00:45]} 12. Kg2 {[%emt 0:01:17]} Qb6 {[%emt 0:00:29]} 13. e4 {[%emt 0:01:48]} d6 {[%emt 0:00:43]} 14. Nd2 {[%emt 0:01:46]} Nd7 {[%emt 0:01:44]} 15. Qb3 {[%emt 0:03:54]} Rfb8 {[%emt 0:08:57]} 16. Qxb6 {[%emt 0:03:38]} Nxb6 {[%emt 0:00:31]} 17. Rb1 {[%emt 0:10:20]} Nb4 {[%emt 0:02:26]} 18. a3 {[%emt 0:00:43]} Nd3 {[%emt 0:00:23]} 19. f4 {[%emt 0:06:33]} Na4 {[%emt 0:03:56]} 20. Nxa4 {[%emt 0:04:25]} Rxa4 {[%emt 0:01:58]} 21. b4 {[%emt 0:05:05]} cxb4 {[%emt 0:04:13]} 22. axb4 {[%emt 0:00:24]} Ra2 {[%emt 0:03:05]} 23. Rd1 {[%emt 0:03:53]} Rba8 0-1

[Event "3rd HSK Youth Summer 2018"]
[Site "Hamburg"]
[Date "2018.07.28"]
[Round "6"]
[White "Globus, Or"]
[Black "Sulayev, Daniel"]
[Result "1-0"]
[WhiteElo "2351"]
[BlackElo "2049"]
[Annotator "TA"]
[PlyCount "61"]
[EventDate "2018.07.26"]
[EventType "swiss"]
[EventCountry "GER"]
[SourceTitle "playchess.com"]
[Source "ChessBase"]
[SourceQuality "1"]

{[%evp 30,61,47,57,149,132,157,97,153,165,223,212,237,233,227,191,214,152,229,166,166,170,163,171,977,550,557,557,566,488,563,560,593,587]} 1. d4 Nf6 2. c4 c5 3. d5 b5 4. cxb5 a6 5. bxa6 g6 6. Nc3 Bxa6 7. g3 d6 8. Bg2 Bg7 9. Nf3 O-O 10. O-O Nbd7 11. Rb1 Qa5 12. Bd2 Rfb8 13. Qc2 Qc7 {A58: Wolga/Benkö-Gambit} 14. b3 Nb6 15. Nh4 Bb7 (15... Qb7 16. b4 cxb4 17. Rxb4 Qc7 18. Rc1 Nc4 19. Nd1 Rxb4 20. Bxb4 Qa7 21. e3 Ne5 22. a3 Nd3 23. Rb1 Ng4 24. Nf3 Rc8 25. Qd2 Bh6 26. Nd4 Ndxf2 {0-1 (26) Sumets,A (2614)-Bologan,V (2684) France 2010}) 16. e4 {LiveBook: 7 Partien} e6 (16... Ba6 $14) 17. dxe6 $16 fxe6 18. Rbd1 $146 ({Lieber} 18. a4) ({Vorgänger:} 18. f4 c4 19. b4 Bc6 20. b5 Bb7 21. Kh1 {1-0 (51) Def,P (1911)-Suranga,F (1594) LSS email 2009}) 18... Ba6 {[#]} ({Günstiger ist} 18... c4) 19. Rfe1 $1 Ng4 (19... Ne8 {war angesagt.} 20. Nf3 Qe7) 20. Bh3 $18 Ne5 21. Bxe6+ Kh8 22. Bg5 Rf8 23. f4 Nc6 (23... Rae8 $16) 24. Nd5 Nxd5 25. exd5 ({Bloß nicht} 25. Bxd5 $6 Nb4 $16) 25... Nd4 26. Qg2 Bb7 $2 (26... Nxe6 27. dxe6 (27. Rxe6 Bc8 $16) 27... Rfe8) 27. Qh3 {[%cal Rh4g6] [#] Weiß steht klar auf Gewinn.} Rf6 28. Bxf6 Bxf6 29. Nxg6+ Kg7 30. Nh4 Bxh4 31. gxh4 1-0

[Event "3rd HSK Youth Summer 2018"]
[Site "Hamburg"]
[Date "2018.07.28"]
[Round "6"]
[White "Zemach, Roee"]
[Black "Shocron, Alon"]
[Result "0-1"]
[WhiteElo "2101"]
[BlackElo "1817"]
[Annotator "NA"]
[PlyCount "105"]
[EventDate "2018.07.26"]
[EventType "swiss"]
[EventCountry "GER"]
[SourceTitle "playchess.com"]
[Source "ChessBase"]
[SourceQuality "1"]
[TimeControl "40/5400+30:900+30"]

1. e4 c5 2. Nf3 e6 3. Nc3 Nc6 4. Bb5 Nd4 5. Ba4 Ne7 6. Nxd4 cxd4 7. Ne2 Nc6 8. O-O d3 9. cxd3 Bc5 $14 10. b4 Bxb4 11. Bb2 O-O 12. Rb1 Ba5 13. f4 d5 14. e5 b5 15. Bb3 Bb6+ 16. d4 a5 17. a4 b4 18. d3 f5 19. Rc1 Qd7 20. Kf2 Ba6 21. Ke3 Rac8 22. Qe1 Kh8 23. h4 Qf7 24. Rf3 Qh5 25. Qf2 Qf7 26. Kd2 Qh5 27. Rh3 Ne7 28. Rhh1 Nc6 29. Rh3 Nb8 30. Rg1 Bd8 31. Ng3 Qf7 32. Ne2 Nd7 33. Ke3 Nb6 34. Ra1 Qb7 35. Qf3 Qd7 36. Qf1 Nc4+ 37. dxc4 dxc4 38. Bc2 b3 39. Ba3 Be7 40. Bxe7 Qxe7 41. Bd1 Qb4 42. Rb1 Rfd8 43. Kf2 c3 44. Bxb3 Rxd4 45. Kg1 Rd2 46. Re3 Qc5 47. Qf2 Bxe2 48. Rxe2 Rxe2 49. Qxc5 Rxc5 50. Bxe6 Rb2 51. Rd1 g6 52. h5 Re2 53. Bb3 {Kg8 Rb1+} 0-1

[Event "3rd HSK Youth Summer 2018"]
[Site "Hamburg"]
[Date "2018.07.28"]
[Round "6"]
[White "Meyling, Lennart"]
[Black "Rozin, Yoav"]
[Result "1-0"]
[WhiteElo "2050"]
[BlackElo "1722"]
[Annotator "NA RC"]
[PlyCount "65"]
[EventDate "2018.07.26"]
[EventType "swiss"]
[EventCountry "GER"]
[SourceTitle "playchess.com"]
[Source "ChessBase"]
[SourceQuality "1"]
[TimeControl "40/5400+30:900+30"]

1. e4 {[%emt 0:00:00]} e5 {[%emt 0:00:01]} 2. Nf3 {[%emt 0:00:00]} d5 {[%emt 0:00:03]} 3. exd5 {[%emt 0:00:00]} e4 {[%emt 0:00:02]} 4. Qe2 {[%emt 0:00:03]} Nf6 {[%emt 0:00:32]} 5. d3 {[%emt 0:00:16]} Qxd5 {[%emt 0:00:00]} 6. Nbd2 {[%emt 0:00:12]} Nc6 {[%emt 0:00:00]} 7. Nxe4 {[%emt 0:00:34]} Be6 {[%emt 0:00:00]} 8. Nxf6+ {[%emt 0:00:17]} gxf6 {[%emt 0:00:00]} 9. Qe4 {[%emt 0:01:25]} Qd7 {[%emt 0:00:00]} 10. Be2 {[%emt 0:02:10]} O-O-O {[%emt 0:00:00]} 11. O-O {[%emt 0:04:15]} h5 {[%emt 0:01:37]} 12. h4 {[%emt 0:03:30]} Be7 {[%emt 0:02:53]} 13. g3 {[%emt 0:00:59]} Rdg8 {[%emt 0:02:42]} 14. Bf4 {[%emt 0:01:14]} Bd5 {[%emt 0:02:31]} 15. Qe3 {[%emt 0:00:13]} Bd6 {[%emt 0:01:51]} 16. c4 {[%emt 0:01:40]} Re8 {[%emt 0:03:28]} 17. Qc1 $11 {[%emt 0:10:16]} ({Der einzige Zug:} 17. cxd5 $16 Rxe3 18. dxc6 (18. Bxe3 $2 {verliert.} Nb4 $19)) 17... Rxe2 {[%emt 0:07:07]} 18. cxd5 {[%emt 0:00:19]} Nb4 {[%emt 0:00:01]} 19. Bxd6 {[%emt 0:01:25]} Qxd6 {[%emt 0:00:11]} 20. Nd4 {[%emt 0:00:08]} Nxd3 {[%emt 0:02:34]} 21. Qc4 {[%emt 0:02:12]} Rd2 {[%emt 0:01:59]} 22. Qc3 {[%emt 0:01:30]} Nxf2 {[%emt 0:07:41]} 23. Rxf2 {[%emt 0:00:21]} Rxf2 {[%emt 0:00:03]} 24. Kxf2 {[%emt 0:00:18]} Qxd5 {[%emt 0:00:05]} 25. Rc1 {[%emt 0:01:43]} Qd6 {[%emt 0:01:52]} 26. Nb5 {[%emt 0:01:48]} Qb6+ {[%emt 0:00:07]} 27. Qc5 {[%emt 0:00:09]} Qxc5+ {[%emt 0:00:55]} 28. Rxc5 {[%emt 0:00:07]} c6 {[%emt 0:00:03]} 29. Nd6+ {[%emt 0:00:14]} Kc7 {[%emt 0:00:14]} 30. Ne4 {[%emt 0:00:15]} b6 {[%emt 0:00:34]} 31. Rf5 {[%emt 0:00:10]} c5 {[%emt 0:00:16]} 32. Rxf6 {[%emt 0:00:09]} Rf8 {[%emt 0:00:04]} 33. Ng5 {[%emt 0:00:11]} 1-0

[Event "3rd HSK Youth Summer 2018"]
[Site "Hamburg"]
[Date "2018.07.28"]
[Round "6"]
[White "Caspi, Nimi"]
[Black "Stelmaszyk, Nico"]
[Result "1/2-1/2"]
[WhiteElo "2014"]
[BlackElo "1975"]
[Annotator "NA RC"]
[PlyCount "54"]
[EventDate "2018.07.26"]
[EventType "swiss"]
[EventCountry "GER"]
[SourceTitle "playchess.com"]
[Source "ChessBase"]
[SourceQuality "1"]
[TimeControl "40/5400+30:900+30"]

1. e4 {[%emt 0:00:00]} e5 {[%emt 0:00:08]} 2. Nf3 {[%emt 0:00:00]} Nc6 {[%emt 0:00:05]} 3. Bc4 {[%emt 0:00:00]} Bc5 {[%emt 0:00:10]} 4. c3 {[%emt 0:00:00]} Nf6 {[%emt 0:00:42]} 5. d3 {[%emt 0:00:14]} h6 {[%emt 0:00:57]} 6. Nbd2 {[%emt 0:00:31]} O-O {[%emt 0:03:11]} 7. Bb3 {[%emt 0:00:52]} d5 {[%emt 0:01:16]} 8. Qe2 {[%emt 0:03:58] LiveBook: 13 Games} dxe4 {[%emt 0:02:50]} 9. dxe4 {[%emt 0:02:37]} Qe7 {[%emt 0:03:53]} 10. Nf1 $15 {[%emt 0:07:27]} Ng4 {[%emt 0:25:15]} 11. Ne3 {[%emt 0:01:19]} Nxe3 {[%emt 0:00:39]} 12. Bxe3 {[%emt 0:00:13]} Bxe3 {[%emt 0:00:13]} 13. Qxe3 {[%emt 0:00:24]} Na5 {[%emt 0:02:32]} 14. O-O {[%emt 0:03:20]} b6 {[%emt 0:05:36]} 15. Rfd1 {[%emt 0:13:38]} Bg4 {[%emt 0:09:14]} 16. Rd3 {[%emt 0:06:44]} Rad8 {[%emt 0:02:23]} 17. Rad1 {[%emt 0:01:51]} Nxb3 {[%emt 0:02:44]} 18. axb3 {[%emt 0:00:01]} Rxd3 {[%emt 0:03:01]} 19. Rxd3 {[%emt 0:01:30]} Bxf3 {[%emt 0:02:12]} 20. Qxf3 {[%emt 0:00:08]} Rd8 {[%emt 0:00:30]} 21. Qd1 {[%emt 0:00:55]} Rxd3 {[%emt 0:00:41]} 22. Qxd3 {[%emt 0:00:01]} Qg5 {[%emt 0:01:07]} 23. g3 {[%emt 0:04:32]} Qc1+ {[%emt 0:02:03]} 24. Kg2 {[%emt 0:00:01]} Qxb2 {[%emt 0:00:41]} 25. Qd8+ {[%emt 0:00:05]} Kh7 {[%emt 0:00:06]} 26. Qxc7 {[%emt 0:00:04]} Qxb3 {[%emt 0:00:11]} 27. Qxa7 {[%emt 0:00:32]} Qxc3 {[%emt 0:00:46]} 1/2-1/2